The Ethics Of Disagreement in Islam / (Record no. 12475)
[ view plain ]
| 000 -LEADER | |
|---|---|
| fixed length control field | 00780nam a2200265 a 4500 |
| 001 - CONTROL NUMBER | |
| JCCL Control Number | 12475 |
| 003 - CONTROL NUMBER IDENTIFIER | |
| JCCL marc code | BD-JhCC |
| 005 - DATE AND TIME OF LATEST TRANSACTION | |
| control field | 20220519134021.0 |
| 008 - FIXED-LENGTH DATA ELEMENTS--GENERAL INFORMATION | |
| fixed length control field | 220227b19932007vau |||| ||6| 000 0 eng d |
| 020 ## - INTERNATIONAL STANDARD BOOK NUMBER | |
| International Standard Book Number | 1565641183 |
| 035 ## - SYSTEM CONTROL NUMBER | |
| system control number | (BD-JhCC)12475 |
| 040 ## - CATALOGING SOURCE | |
| Original cataloging agency | BD-JhCC |
| Modifying agency | BD-JhCC |
| 041 ## - LANGUAGE CODE | |
| Language code of Book | English |
| 082 ## - DEWEY DECIMAL CLASSIFICATION NUMBER | |
| Classification number | 297.56 |
| Author mark and Year | ALA 2007 |
| 100 ## - MAIN ENTRY--PERSONAL NAME | |
| Personal name | Al-Alwani, Taha Jabir |
| 245 ## - TITLE STATEMENT | |
| Title | The Ethics Of Disagreement in Islam / |
| Statement of responsibility, etc | Taha Jabir Al-Alwani, Abdul Wahid Hamid.A.S. Al Shaikh -Ali |
| 260 ## - PUBLICATION, DISTRIBUTION, ETC. (IMPRINT) | |
| Place of publication, distribution, etc | Herndon : |
| Name of publisher, distributor, etc | The International Institute Of Islamic Thought; |
| Date of publication, distribution, etc | 2007. |
| 300 ## - PHYSICAL DESCRIPTION | |
| Pagination | 158 p. : |
| Dimensions | 22 cm. |
| 650 ## - SUBJECT ADDED ENTRY--TOPICAL TERM | |
| Topical term or geographic name as entry element | Islamic Law |
| 650 ## - SUBJECT ADDED ENTRY--TOPICAL TERM | |
| Topical term or geographic name as entry element | Religious Tolerance |
| 700 ## - ADDED ENTRY--PERSONAL NAME | |
| Personal name | Hamid,Abdul Wahid |
| 700 ## - ADDED ENTRY--PERSONAL NAME | |
| Personal name | Ali, A.S. Al Shaikh |
| 942 ## - ADDED ENTRY ELEMENTS (KOHA) | |
| Source of classification or shelving scheme | Dewey Decimal Classification |
| Koha item type | Books |
| Koha issues (borrowed), all copies | 1 |
| Source of classification or shelving scheme | Damaged status | Not for loan | Home library | Current library | Shelving location | Date of accession | Cost, normal purchase price | Total Checkouts | Full call number | Barcode | Date last seen | Date checked out | Copy number | Koha item type |
|---|---|---|---|---|---|---|---|---|---|---|---|---|---|---|
| Dewey Decimal Classification | JCC Rouf Library | JCC Rouf Library | General Stacks | 06/10/2021 | 250.00 | 1 | 297.56 ALA 2007 | 16886 | 06/09/2022 | 05/19/2022 | C-1 | Books |